Statistics for Love Story (TV) - Taylor Swift (All Lyrics)

Click here to take the quiz!

General Stats

  • This quiz has been taken 92 times
  • The average score is 336 of 378

Answer Stats

Lyrics% Correct
a
100%
and
100%
And
100%
I
100%
"Romeo,
100%
Romeo,
100%
you,
100%
you
100%
be
99%
go
99%
go,"
99%
say,
99%
do
97%
take
97%
the
97%
we
97%
We
97%
baby,
96%
it
96%
it's
96%
It's
96%
love
96%
my
96%
My
96%
said
96%
said,
96%
story,
96%
were
96%
we're
96%
"Yes"
96%
'Yes'"
96%
alone
94%
begging
94%
Begging
94%
can
94%
dad,
94%
don't
94%
Don't
94%
from
94%
I'll
94%
Juliet,
94%
Juliet"
94%
just
94%
know
94%
me,
94%
me
94%
"Please
94%
prince
94%
princess
94%
So
94%
so
94%
somewhere
94%
That
94%
When
94%
when
94%
away
93%
both
93%
first
93%
saw
93%
"Stay
93%
to
93%
was
93%
young
93%
daddy
91%
He
91%
is
91%
Is
91%
close
90%
eyes
90%
on
90%
On
90%
waiting
90%
waiting,
90%
You'll
90%
you'll
90%
all
88%
out
88%
your
88%
that's
87%
crying
86%
have
86%
in
86%
real
86%
there
86%
air
84%
flashback
84%
"Hello"
84%
summer
84%
throwing
84%
little
83%
Little
83%
"Marry
83%
never
83%
really
83%
standing
83%
did
81%
see
81%
See
81%
starts
81%
make
80%
of
80%
party,
80%
ring,
80%
run
80%
talked
80%
This
80%
this
80%
balcony
78%
But
78%
but
78%
white
78%
dress
77%
I'm
77%
pulled
77%
way
77%
ball
75%
ground
75%
left
75%
Oh,
75%
oh
75%
oh,
75%
pick
75%
staircase
75%
'Cause
74%
'cause
74%
crowd
74%
ever
74%
feel
74%
for
74%
if
74%
lights,
74%
scarlet
74%
sneak
74%
what
74%
been
72%
garden
72%
gowns
72%
head?
72%
I've
72%
they
72%
think"
72%
letter
71%
through
71%
town
71%
while,
71%
feeling
70%
got
70%
save
70%
afraid,
68%
come
68%
everything
68%
knew
68%
met
68%
tired
68%
we'll
68%
dead
67%
keep
67%
knelt
67%
quiet
67%
around
65%
coming
65%
mess
65%
difficult,
64%
faith
64%
how
64%
outskirts
64%
Wondering
64%
tell
62%
there's
62%
they're
62%
Escape
61%
trying
61%
fading
59%
pebbles
54%

Score Distribution

Percentile by Number Answered

Percent of People with Each Score

Your Score History

You have not taken this quiz